Missing Word: Terrence Malick Quiz Stats

 Plays Quiz not verified by Sporcle

Challenge
Share
Tweet
Score 0/18 Timer 05:00
0 Plays Today
Title Missing Word % Correct
The ____ Red LineThin
93.2%
The ____ of LifeTree
64.9%
Dirty ____Harry
56.8%
The Gravy ____Train
48.6%
____ of HeavenDays
48.6%
Amazing ____Grace
44.6%
The ____ WorldNew
43.2%
To the ____Wonder
37.8%
____ of CupsKnight
36.5%
Title Missing Word % Correct
____ of Time*Voyage
27%
____, He SaidDrive
20.3%
Pocket ____Money
17.6%
Lanton ____Mills
16.2%
The ____ AngelsBetter
14.9%
The Beautiful ____Country
12.2%
____ MilesDeadhead
9.5%
Bear's ____Kiss
8.1%
____ TimesHappy
6.8%

You're not logged in!

Compare scores with friends on all Sporcle quizzes.
Join for Free
OR
Log In

You Might Also Like...

Show Comments

Extras

Top Quizzes Today


Score Distribution

Your Account Isn't Verified!

In order to create a playlist on Sporcle, you need to verify the email address you used during registration. Go to your Sporcle Settings to finish the process.

Report this User

Report this user for behavior that violates our Community Guidelines.

Details: